000 00683nam a2200217Ii 4500
003 JO-AjNU
008 230605s9999||||xx |||||||||||||| ||und||
040 _aJO-AjNU
_bara
_erda
_cJO-AjNU
041 _aara
050 1 4 _aTK7876.S9468 1983
100 3 _aسكر، فاروق,
_eauthor
_939667
245 0 0 _aالهندسة الالكترونية
250 _aط1
264 3 1 _aدمشق : دار الحكمة للنشر ، 1983
300 _a206ص
336 _atext
_btxt
_2rdacontent
337 _aunmediated
_bn
_2rdamedia
338 _avolume
_bnc
_2rdacarrier
490 0 _aسلسلة العلوم الحديثة
650 4 _aالهندسة الالكترونية
_939668
999 _aA16772
_c20340
_d20340